| 000 | 00906nas a2200289 4500 | ||
|---|---|---|---|
| 001 | BR2012001697 | ||
| 003 | BR-BrBNA | ||
| 005 | 20231205120307.0 | ||
| 007 | ta | ||
| 008 | 230509b bl.|||p| |||| 00| 00por d | ||
| 040 |
_aBR-BrBNA _bpor _cBiblioteca Nacional de Agricultura |
||
| 041 | _a(Pt) | ||
| 072 | _aL50 | ||
| 100 | 1 | _aSiqueira, A.J.S. de | |
| 100 | 1 | _aBjerk, R.L. | |
| 100 | 1 | _aGoebel, C. | |
| 100 | 1 | _aRotta, L. | |
| 100 | 1 | _aWachholv, C.C. | |
| 245 | 1 | _aMétodos semiquantitativos simples e práticos para determinação da albumina e hemoglobina por visualização em bovinos de corte | |
| 650 | _aGADO DE CORTE | ||
| 650 | _aANÁLISE QUÍMICA | ||
| 650 | _aALBUMINA | ||
| 650 | _aHEMOGLOBINA | ||
| 773 | 0 |
_tA Hora Veterinária (Brazil) _xISSN 0101-9163 _g(May-Jun 2009), v. 29(169) p. 66-69 _wBR2012001697 |
|
| 909 |
_a202311 _bLúcia _c55 _dLúcia Elande |
||
| 942 |
_2AGRIS _n0 _cANA |
||
| 999 |
_c217793 _d217793 |
||